| 000 | 00425nam a2200169Ia 4500 | ||
|---|---|---|---|
| 005 | 20240806125052.0 | ||
| 008 | 231207s9999 xx 000 0 und d | ||
| 020 | _a9783866781665 | ||
| 040 | _cNCA-PK | ||
| 082 |
_a709.13 _bTRO |
||
| 245 | 4 | _aThe tropics: views from the middle of the globe | |
| 260 |
_bGoethe Institute _aBerlin |
||
| 300 |
_a342 p. _bill, |
||
| 546 | _aEnglish | ||
| 650 | _aArt Tropics | ||
| 942 | _cBK | ||
| 999 |
_c31017 _d31017 |
||